LEADER 01520nam--2200421---450- 001 990000705240203316 005 20080111144436.0 010 $a92-823-0215-6 035 $a0070524 035 $aUSA010070524 035 $a(ALEPH)000070524USA01 035 $a0070524 100 $a20011023d1990----km-y0itay0103----ba 101 $afre 102 $aLU 105 $a||||||||001yy 200 1 $a<>impact de l'unification allemande sur la Communauté européenne$eParlament européen, Direction générale des études 210 $aLuxembourg$cOffice des publications officielles des Communautés européennes$d1990 215 $a179 p.$d30 cm 225 2 $aDossier d'études et de documnetation$iDocument de travail$v1 410 0$12001$aDossier d'études et de documnetation$iDocument de travail$v1 601 02$aComunità europea e Germania 607 $aGermania$xRiunificazione$z1984-1989 676 $a943.0878 699 $a01.02$bUnione europea. Unificazione 710 02$aPARLAMENTO EUROPEO$0324711 801 0$aIT$bsalbc$gISBD 912 $a990000705240203316 951 $aCDE 01.02 (XXXI)$bCDE 334$cCDE 01.02$d00148803 959 $aBK 969 $aCDE 979 $aPATTY$b90$c20011023$lUSA01$h1913 979 $c20020403$lUSA01$h1719 979 $aPATRY$b90$c20040406$lUSA01$h1648 979 $aMARIAS$b90$c20080111$lUSA01$h1435 979 $aMARIAS$b90$c20080111$lUSA01$h1444 996 $aImpact de l'unification allemande sur la Communauté européenne$9961658 997 $aUNISA LEADER 01090nam--2200373---450- 001 990001224890203316 005 20070529111154.0 035 $a000122489 035 $aUSA01000122489 035 $a(ALEPH)000122489USA01 035 $a000122489 100 $a20031028d1971----km-y0itay0103----ba 101 0 $aita 102 $aIT 105 $a||||||||001yy 200 1 $aOppure, niente$fSergio Antonielli 210 $aMilano$cMondadori$d1971 215 $a233 p.$d21 cm 225 2 $aScrittori italiani e stranieri 410 0$12001$aScrittori italiani e stranieri 454 1$12001 461 1$1001-------$12001 700 1$aANTONIELLI,$bSergio$0164243 801 0$aIT$bsalbc$gISBD 912 $a990001224890203316 951 $aVI.3. Coll. 7/ 13(Varie coll. 70/26)$b64445 L.M.$cVarie-coll. 959 $aBK 969 $aUMA 979 $aSIAV7$b10$c20031028$lUSA01$h1203 979 $aPATRY$b90$c20040406$lUSA01$h1727 979 $aCOPAT3$b90$c20050105$lUSA01$h1624 979 $aCOPAT1$b90$c20070529$lUSA01$h1111 996 $aOppure, niente$9914602 997 $aUNISA LEADER 00769nam0-2200253 --450 001 9910916497703321 005 20241217113046.0 100 $a20241217d1987----kmuy0itay5050 ba 101 0 $aita 102 $aIT 105 $a 001yy 200 1 $a<<6: >>Atti di governo. Serie 1., 1771-1777$fCesare Beccaria$ga cura di Rosalba Canetta 210 $aMilano$cMediobanca$d1987 215 $a767 p.$cill., 1 ritr.$d26 cm 676 $a945.074$v21 700 1$aBeccaria,$bCesare$f<1738-1794>$0119146 702 1$aCanetta,$bRosalba 801 0$aIT$bUNINA$gREICAT$2UNIMARC 901 $aBK 912 $a9910916497703321 952 $a DAM C35 BECC 02 (6)$b2024/7136$fFLFBC 959 $aFLFBC 996 $aAtti di governo. Serie 1, 1771-1777$91056775 997 $aUNINA